Online
Catalog

Estudios sobre estrategia : (Record no. 25954)

MARC details
000 -CABECERA
campo de control de longitud fija 01007nam a2200253 a 4500
001 - NÚMERO DE CONTROL
campo de control 000026462
005 - FECHA Y HORA DE LA ÚLTIMA TRANSACCIÓN
campo de control 20200930030233.0
008 - DATOS DE LONGITUD FIJA--INFORMACIÓN GENERAL
campo de control de longitud fija 110318s1986 ag a r 000 0 spa d
020 ## - NÚMERO INTERNACIONAL ESTÁNDAR DEL LIBRO
Número Internacional Estándar del Libro 9684093632
040 ## - FUENTE DE LA CATALOGACIÓN
Centro catalogador/agencia de origen DO-SdBNP
Lengua de catalogación spa
Centro/agencia transcriptor BNPHU
041 17 - CÓDIGO DE LENGUA
Código de lengua del texto/banda sonora o título independiente spa
Código de lengua original eng
Fuente del código Código de idioma MARC
082 ## - NÚMERO DE LA CLASIFICACIÓN DECIMAL DEWEY
Número de clasificación xxx
Número de documento/Ítem G778e
049 ## - FONDOS LOCALES (OCLC)
Fondos de biblioteca BNGR
100 1# - ENTRADA PRINCIPAL--NOMBRE DE PERSONA
Nombre de persona Gray, Colin S.
9 (RLIN) 53522
240 10 - TÍTULO UNIFORME
Título uniforme Strategic studies and public policy, the American experience.
Lenguaje de la obra Español.
245 10 - MENCIÓN DE TÍTULO
Título Estudios sobre estrategia :
Resto del título la experiencia de EUA en un mundo amenazado por la guerra /
Mención de responsabilidad, etc. Colin S. Gray ; traducción de Ela Gedovius.
260 ## - PUBLICACIÓN, DISTRIBUCIÓN, ETC.
Lugar de publicación, distribución, etc. México, D. F. :
Nombre del editor, distribuidor, etc. EDAMEX,
Fecha de publicación, distribución, etc. 1986.
300 ## - DESCRIPCIÓN FÍSICA
Extensión 231, [5] p. ;
Dimensiones 20 cm.
490 1# - MENCIÓN DE SERIE
Mención de serie Los libros hacen libres a los hombres
500 ## - NOTA GENERAL
Nota general Incluye notas al pie de las páginas
534 ## - NOTA SOBRE LA VERSIÓN ORIGINAL
Encabezamiento principal del original Título del original en inglés:
Mención de título del original Strategic studies and public policy, the American experience.
700 1# - PUNTO DE ACCESO ADICIONAL--NOMBRE DE PERSONA
Nombre de persona Gedovius, Ela
Término indicativo de función/relación tr.
9 (RLIN) 53523
830 #0 - PUNTO DE ACCESO ADICIONAL DE SERIE-TÍTULO UNIFORME
Título uniforme Los libros hacen libres a los hombres
9 (RLIN) 47738
Holdings
Estado de retiro Estado de pérdida Restricciones de uso No para préstamo Código de colección Localización permanente Ubicación/localización actual Ubicación en estantería Fecha de adquisición Número de inventario Total de préstamos Signatura topográfica completa Código de barras Fecha visto por última vez Precio válido a partir de Tipo de ítem Koha
        Monografías: Libros y Folletos General General En catalogación 18.03.2011 LF1   xxx G778e 26462-10 25.06.2020 25.06.2020 Préstamo en sala

Powered by Koha